000 00207nam a2200097Ia 4500
008 240331s9999 xx 000 0 und d
082 _bHUS
100 _aHussain, N.A.N
245 0 _aPann paadum pen
942 _cL
999 _c1661
_d1661